Music Quiz

Random Music or Artist Quiz

#1 Hits of the 80's - 1981 Quiz Stats

 Plays Quiz not verified by Sporcle

Also try: Imagine Clicky-oke
Challenge
Share
Tweet
Embed
Score 0/17 Timer 10:00
0 Plays Today
Song Title Artist % Correct
PhysicalOlivia Newton-John
95.9%
9 to 5Dolly Parton
95.6%
Jessie's GirlRick Springfield
93.7%
The Tide Is HighBlondie
90.9%
RaptureBlondie
90.9%
Kiss On My ListHall & Oates
90.4%
Private EyesHall & Oates
90.4%
Bette Davis EyesKim Carnes
86.3%
CelebrationKool & The Gang
85.3%
Song Title Artist % Correct
Keep On Loving YouREO Speedwagon
82.1%
Morning Train (Nine to Five)Sheena Easton
74.9%
(Just Like) Starting OverJohn Lennon
72.6%
Arthur's Theme (Best That You Can Do)Christopher Cross
72.3%
Endless LoveDiana Ross & Lionel Richie
67.5%
I Love A Rainy NightEddie Rabbitt
65.8%
The One That You LoveAir Supply
54.2%
Stars On 45 MedleyStars On 45
46.8%

You're not logged in!

Compare scores with friends on all Sporcle quizzes.
Join for Free
OR
Log In

You Might Also Like...

Show Comments

Extras

Top Quizzes Today


Score Distribution

Your Account Isn't Verified!

In order to create a playlist on Sporcle, you need to verify the email address you used during registration. Go to your Sporcle Settings to finish the process.

Report this User

Report this user for behavior that violates our Community Guidelines.

Details: